| 000 | 01241nac a22003011u 4500 | ||
|---|---|---|---|
| 010 | _a 97129120 | ||
| 020 | _a9291340073 | ||
| 035 | _a(OCoLC)35235421 | ||
| 082 | 0 | 0 | _a621.21 |
| 090 |
_c7190 _d7190 |
||
| 100 | _a20080729 | ||
| 111 | 2 |
_aInternational Symposium on Molinology _d1993 : _cAberystwyth, Wales) |
|
| 245 | 1 | 0 |
_aTransactions of the Eighth International Symposium on Molinology : _bAberystwyth, 3-10 July, 1993 / _cedited by Tony Parkinson. |
| 246 | 1 | 0 | _aTransactions of the 8th International Symposium on Molinology |
| 260 |
_a[The Netherlands] : _bInternational Molinological Society,1995 _c1995. |
||
| 300 |
_avi, 204 p. : _bill. ; _c30 cm. |
||
| 440 | 0 |
_aBibliotheca molinologica ; _v8 |
|
| 500 | _adistributer: Al-Ahram | ||
| 504 | _aIncludes bibliographical references. | ||
| 511 | _acatalogued by: wessam | ||
| 650 | 0 |
_aWater mills _xCongresses. |
|
| 650 | 0 |
_aWindmills _xCongresses. |
|
| 650 | 0 |
_aMills and mill-work _xCongresses. |
|
| 700 | 1 |
_aParkinson, Tony, _d1947- |
|
| 710 | 2 | _aInternational Molinological Society. | |
| 942 |
_cBB _k621.21 |
||
| 999 |
_c7190 _d7190 |
||